| 000 | 00852nam a2200277Ia 4500 | ||
|---|---|---|---|
| 003 | OSt | ||
| 005 | 20221006160101.0 | ||
| 006 | a|||||r|||| 00| 0 | ||
| 007 | ta | ||
| 008 | 221006b |||||||| |||| 00| 0 eng d | ||
| 020 |
_a9788997578429 _c _ 15.00 |
||
| 024 | _a44,246 | ||
| 037 |
_bGift, KCC (Window on Korea) _cTextual |
||
| 040 |
_aEASL _cEASL _beng |
||
| 041 |
_2eng _aeng |
||
| 082 | _aV495:19(zQ).P1, Q2 | ||
| 100 |
_aMoon Chung-In _9653548 |
||
| 245 | 0 | _aSunshine policy in defense of engagement as a path to peace in Korea | |
| 260 |
_aSeoul _bYonsei University Press _c2012 |
||
| 300 |
_a280p. _ccm. |
||
| 490 | _v KEL | ||
| 650 |
_a Recasting the sunshine policy _9671832 |
||
| 650 | _aKEL | ||
| 942 |
_hV495:19(zQ).P1, Q2 _cTEXL _2CC |
||
| 999 |
_c1112338 _d1112338 |
||